After the trade : dealer and clearing bank operations in money market and government securities /

Bibliographic Details
Main Author: Stigum, Marcia L.
Format: Book
Language:English
Published: Homewood, Ill. : Dow Jones-Irwin, [1988]
Subjects:

MARC

Tag First Indicator Second Indicator Subfields
LEADER 00000cam a2200000 a 4500
001 in00000016889
005 20151007053325.0
008 870622s1988 ilua bf 00110 eng
010 |a  87050773  
020 |a 0870949373 
035 |a (OCoLC)17491027 
035 |9 AAB1228AM 
040 |a DLC  |c DLC  |d TXA  |d UtOrBLW 
043 |a n-us--- 
049 |a TXAM  |c [A11051388] 
050 0 0 |a HG4941  |b .S75 1988 
082 0 |a 332.63/232/0973  |2 19 
100 1 |a Stigum, Marcia L. 
245 1 0 |a After the trade :  |b dealer and clearing bank operations in money market and government securities /  |c Marcia Stigum. 
264 1 |a Homewood, Ill. :  |b Dow Jones-Irwin,  |c [1988] 
264 4 |c ©1988 
300 |a xvii, 303 pages :  |b illustrations ;  |c 24 cm. 
336 |a text  |b txt  |2 rdacontent 
337 |a unmediated  |b n  |2 rdamedia 
338 |a volume  |b nc  |2 rdacarrier 
504 |a Includes bibliographical references and index. 
650 0 |a Government securities  |z United States  |x Handbooks, manuals, etc. 
650 0 |a Money market funds  |z United States  |x Handbooks, manuals, etc. 
999 |a MARS 
999 f f |s 5f83167d-7c08-3640-8925-3e567e6c277c  |i e5fd728e-9697-3c04-bf13-b602b1dbe37c  |t 0 
952 f f |p ric  |a Texas A&M University  |b Rellis Campus  |c Joint Library Facility  |d Remote Storage  |t 0  |e HG4941 .S75 1988  |h Library of Congress classification  |i unmediated -- volume  |m A14811051388 
998 f f |a HG4941 .S75 1988  |t 0  |l Remote Storage